XI Roku 2017 wg. Tygodnika "Piłka Nożna" (Europa) - Statystyki

Ogólne statystyki
  • Ten quiz został rozwiązany 267 razy
  • Średni wynik to 10 z 11
Statystyki odpowiedzi
Pozycja Kraj Klub Odpowiedź % Poprawnych
LS Portugalia Real Madryt Cristiano Ronaldo
99%
ŚN Polska Bayern Robert Lewandowski
99%
BR Słowenia Atletico Jan Oblak
98%
ŚO Hiszpania Real Madryt Sergio Ramos
97%
ŚPD Francja Chelsea N'Golo Kante
95%
LS Belgia Chelsea Eden Hazard
94%
LO Hiszpania Barcelona Jordi Alba
88%
PO Hiszpania Real Madryt Dani Carvajal
87%
ŚPO Dania Tottenham Christian Eriksen
86%
ŚO Niemcy Bayern Mats Hummels
73%
ŚPO Hiszpania Real Madryt Isco
71%
Nie znaleziono quizów pasujących do podanych kryteriów
Rozkład punktacji
Procent ludzi z każdym wynikiem
Percentyl według liczby udzielonych odpowiedzi
Twoja historia wyników
Nie rozwiązałeś tego quizu